Production of poly(3-hydroxybutyrate) by fed-batch culture of filamentation-suppressed recombinant Escherichia coli /

Đã lưu trong:
书目详细资料
主要作者: Wang, F.
其他作者: Lee, S. Y.
格式: Bài viết
语言:English
主题:
标签: 添加标签
没有标签, 成为第一个标记此记录!
Thư viện lưu trữ: Thư viện Trường Đại học Đà Lạt
LEADER 01028nam a2200337 4500
001 DLU090096403
005 ##20091201
040 # # |a DLU  |b eng 
041 # # |a eng 
044 # # |a us 
100 # # |a Wang, F. 
245 # # |a Production of poly(3-hydroxybutyrate) by fed-batch culture of filamentation-suppressed recombinant Escherichia coli /  |c F. Wang, S. Y. Lee. 
653 # # |a Bacteria 
653 # # |a Biosynthesis 
653 # # |a Environmental factor 
653 # # |a Escherichia coli  
653 # # |a Filamentation 
653 # # |a Ralstonia eutropha 
653 # # |a Recombinant microorganism 
653 # # |a Suppression 
700 # # |a Lee, S. Y. 
773 # # |t Applied and Environmental Microbiology  |g Vol. 63, no. 12 (December 1997), p. 4765-4769 
920 # # |a Phòng Tạp chí -- Trung tâm Thông tin - Thư viện Trường Đại học Đà Lạt 
994 # # |a DLU 
900 # # |a True 
911 # # |a Trương Bảo Trâm Anh 
925 # # |a G 
926 # # |a A 
927 # # |a BB 
980 # # |a Thư viện Trường Đại học Đà Lạt